00581cam a22002051 4500001001300000003000400013005001700017008004100034010001700075035002000092040001800112042001200130050002200142111007400164245001800238260002200256300001900278500001700297650006100314sa 68016107 DLC20260227112652.0890127s1966 io 000 0 ind  asa 68016107  a(OCoLC)23574673 aDLCcMiUdDLC apremarc00aHN37.C3bS45 19662 aSeminar Sosial Rochaniwan/Rochaniwatid(1966 :cBandung and Djakarta)10aBuku laperan. a[Bandung?c1966?] a328 p.c22 cm. aCover title. 0aChurch and social problemsxCatholic ChurchvCongresses.